[Event "ch-ISR"]
[Site "Haifa ISR"]
[Date "2010.11.08"]
[Round "1.2"]
[White "Prozhanski, Genrik"]
[Black "Mikhalevski, Victor"]
[Result "0-1"]
[BlackTitle "GM"]
[WhiteElo "2342"]
[BlackElo "2602"]
[WhiteFideId "2802767"]
[BlackFideId "2801914"]
[EventDate "2010.11.08"]

1. d4 Nf6 2. c4 g6 3. Nc3 d5 4. Nf3 Bg7 5. Bf4 O-O 6. Rc1 c6 7. e3 Be6 8. Ng5
Bf5 9. Be2 Qb6 10. b3 h6 11. Nf3 Ne4 12. Nxe4 Bxe4 13. Qd2 Nd7 14. O-O a5 15.
cxd5 Bxd5 16. Qd3 f5 17. h4 Kh8 18. Qd2 Rad8 19. Qc3 Rfe8 20. Ne5 Nxe5 21. Bxe5
Bxe5 22. dxe5 Qb4 23. Bc4 e6 24. Qb2 Qe7 25. g3 Rd7 26. Qc3 Bf3 27. Rc2 g5 28.
hxg5 hxg5 29. Be2 g4 30. Bxf3 gxf3 31. Qc4 Qh7 32. Qf4 Qh5 33. Rc4 Red8 34. Qh4
Qxh4 35. Rxh4+ Kg7 36. Rf4 Rd5 37. Rxf3 Rxe5 38. Rf4 Rd2 39. Ra4 b6 40. Rc1 c5
41. Kf1 Kf6 42. Re1 Red5 43. Re2 Rd1+ 44. Kg2 R5d2 45. Kf3 Ke5 46. e4 Rd3+ 47.
Kg2 f4 48. gxf4+ Kxf4 49. e5+ Rd4 50. Ra3 Re4 51. Rc2 Kxe5 52. f3 Red4 53. Re2+
Kf5 54. Kg3 R4d2 55. Rxd2 Rxd2 56. Ra4 Rd4 0-1

[Event "ch-ISR"]
[Site "Haifa ISR"]
[Date "2010.11.08"]
[Round "1.6"]
[White "Shevelev, Arkady"]
[Black "Gruenfeld, Yehuda"]
[Result "1/2-1/2"]
[WhiteTitle "IM"]
[BlackTitle "GM"]
[WhiteElo "2315"]
[BlackElo "2469"]
[WhiteFideId "2802163"]
[BlackFideId "2800020"]
[EventDate "2010.11.08"]

1. e4 c5 2. Nf3 d6 3. d4 cxd4 4. Nxd4 Nf6 5. Nc3 a6 6. Be2 e5 7. Nb3 Be7 8. f4
b5 9. fxe5 dxe5 10. Qxd8+ Bxd8 11. Bg5 Nbd7 12. O-O-O b4 13. Na4 Rb8 14. Bf3 Bc7
15. Rhe1 Nf8 16. Nac5 Ne6 17. Nxe6 Bxe6 18. Nc5 Bc8 19. h3 Rb6 20. Kb1 Rc6 21.
Be3 O-O 22. Nd3 a5 23. Rd2 h6 24. Red1 Re8 25. Nf2 Be6 26. Be2 Rb8 27. Bf3 Kf8
28. Ng4 Nxg4 29. Bxg4 Bxg4 30. hxg4 Ke8 31. g5 hxg5 32. Bxg5 f6 33. Bh4 Rc4 34.
Rd7 Rd8 35. Rxd8+ Bxd8 36. Re1 Bb6 37. b3 Rc8 38. Re2 Bd4 39. Bf2 Bc3 40. Be1
Ke7 41. Bxc3 Rxc3 42. Kc1 Ke6 43. Kd2 Rg3 44. Ke1 Kf7 45. c4 bxc3 46. Kf2 Rd3
47. Rc2 f5 48. exf5 Kf6 49. a3 Kxf5 50. b4 axb4 51. axb4 Ke6 52. Ra2 Kd5 53. Ke2
Rg3 54. Kf2 Rg6 55. b5 Rb6 56. Ke3 Kc4 57. Ra7 Kb3 58. Rxg7 c2 59. Rc7 Kb2 60.
Kd2 Rd6+ 61. Ke3 c1=Q+ 62. Rxc1 Kxc1 63. Ke4 Rb6 64. Kxe5 Rxb5+ 65. Kf6 Kd2 66.
g4 Ke3 67. g5 Kf4 68. g6 Rb6+ 69. Kf7 Kf5 70. g7 Rb7+ 71. Kg8 Kf6 72. Kh8 Rb1
73. g8=Q Rh1+ 74. Qh7 Rxh7+ 75. Kxh7 1/2-1/2

[Event "ch-ISR"]
[Site "Haifa ISR"]
[Date "2010.11.08"]
[Round "1.8"]
[White "Kataev, Simcho"]
[Black "Zaslavsky, Mikhail"]
[Result "1-0"]
[WhiteTitle "FM"]
[BlackTitle "IM"]
[WhiteElo "2281"]
[BlackElo "2424"]
[WhiteFideId "4106644"]
[BlackFideId "2807670"]
[EventDate "2010.11.08"]

1. Nf3 c5 2. b3 Nf6 3. Bb2 g6 4. Bxf6 exf6 5. c4 Bg7 6. Nc3 f5 7. g3 b5 8. Nxb5
Bxa1 9. Nd6+ Ke7 10. Nxc8+ Qxc8 11. Qxa1 Nc6 12. Bg2 f6 13. O-O Qc7 14. d4 d6
15. Rd1 Rad8 16. e3 Rhe8 17. Ne1 cxd4 18. Bxc6 Qxc6 19. Qxd4 Rd7 20. Nd3 Qe4 21.
Qa1 g5 22. Nb4 Kf7 23. Nd5 Re6 24. Nc3 Qf3 25. Nb5 Re5 26. Nd4 Qe4 27. Qc3 f4
28. Nc2 fxg3 29. hxg3 Qg4 30. Rd4 Qh3 31. Qd3 h5 32. Qh7+ Kf8 33. Qh6+ Kf7 34.
e4 h4 35. Ne3 Kg8 36. Nf5 Rxf5 37. Qg6+ Rg7 38. Qe8+ Kh7 39. Qh5+ Kg8 40. Rxd6
Rf7 41. Rd8+ Kg7 42. Qh8+ 1-0

[Event "ch-ISR"]
[Site "Haifa ISR"]
[Date "2010.11.08"]
[Round "1.9"]
[White "Tseitlin, Mark D"]
[Black "Aharon, Ofir"]
[Result "1/2-1/2"]
[WhiteTitle "GM"]
[WhiteElo "2415"]
[BlackElo "2264"]
[WhiteFideId "2800128"]
[BlackFideId "2800683"]
[EventDate "2010.11.08"]

1. e4 c5 2. Nf3 g6 3. d4 cxd4 4. Qxd4 Nf6 5. Bb5 a6 6. e5 axb5 7. exf6 Nc6 8.
fxe7 Qxe7+ 9. Qe3 Qxe3+ 10. Bxe3 Bg7 11. c3 O-O 12. O-O d5 13. Rd1 b4 14. Nd4
Re8 15. Nd2 Bg4 16. Rdc1 bxc3 17. bxc3 Nxd4 18. cxd4 Rec8 19. Rcb1 Be2 20. h3
Rc7 21. a4 Ba6 22. Nb3 h5 23. Nc5 Rxc5 24. dxc5 Bxa1 25. Rxa1 Bb5 26. a5 Kf8 27.
Kh2 Ke7 28. g4 hxg4 29. hxg4 Kd7 30. Kg3 Re8 31. Rh1 Re4 32. Rh7 Ke6 33. Rh8 d4
34. Bf4 Kd5 35. f3 Re2 36. Rh7 Be8 37. Rh1 Kxc5 38. Rc1+ Kd5 39. Rc7 Bc6 40.
Rxf7 Re6 41. g5 Kc4 42. Rf6 Bd5 43. Rxe6 Bxe6 44. Kf2 Bd5 45. Ke2 d3+ 46. Kd2
Bxf3 47. Be3 Be2 48. Bb6 1/2-1/2

[Event "ch-ISR"]
[Site "Haifa ISR"]
[Date "2010.11.08"]
[Round "1.10"]
[White "Porat, Maya"]
[Black "Berkovich, Mark A"]
[Result "1/2-1/2"]
[BlackTitle "IM"]
[WhiteElo "2257"]
[BlackElo "2392"]
[WhiteFideId "2808072"]
[BlackFideId "2801639"]
[EventDate "2010.11.08"]

1. d4 d6 2. Nf3 f5 3. g3 Nf6 4. Bg2 g6 5. O-O Bg7 6. c4 O-O 7. Nc3 c6 8. Qc2 Na6
9. Rd1 Qc7 10. b3 e5 11. dxe5 dxe5 12. Ba3 c5 13. e4 Nb4 14. Bxb4 cxb4 15. Nb5
Qc5 16. Nd6 f4 17. Nxc8 Raxc8 18. Bh3 Rc6 19. Ne1 b5 20. Nd3 Qe7 21. Nb2 Qf7 22.
Qe2 fxg3 23. hxg3 Qc7 24. cxb5 Rc2 25. Rd2 Rxd2 26. Qxd2 Qc3 27. Qxc3 bxc3 28.
Nd1 c2 29. Ne3 Nxe4 30. Nxc2 Rxf2 31. Bg2 Rxc2 32. Bxe4 Rd2 33. Rc1 Bh6 34. Rc2
Kf7 35. Rxd2 Bxd2 36. Kf2 h5 37. Ke2 Bb4 38. Kf3 Kf6 39. Bc6 g5 40. Be8 g4+ 41.
Kf2 Kg5 42. Bc6 h4 43. gxh4+ Kxh4 44. Bg2 Bc5+ 45. Ke2 Kg3 46. Kf1 Ba3 47. Bh1
Kf4 48. Ke2 e4 49. Bg2 Bc5 50. Bh1 Ke5 51. Bg2 Kd4 52. Bh1 e3 53. a4 Kc3 54. a5
Kxb3 55. b6 a6 56. Bb7 g3 57. Kf1 Kb4 58. Bxa6 Kxa5 59. Bb7 Bxb6 60. Ke2 Kb4 61.
Bg2 Kc3 62. Bf3 Kd4 63. Bg2 Ke5 64. Kf3 Kf5 65. Bf1 1/2-1/2

[Event "ch-ISR"]
[Site "Haifa ISR"]
[Date "2010.11.08"]
[Round "1.11"]
[White "Vydeslaver, Alik"]
[Black "Sheskin, Matan"]
[Result "1/2-1/2"]
[WhiteTitle "IM"]
[WhiteElo "2388"]
[BlackElo "2252"]
[WhiteFideId "2801876"]
[BlackFideId "2809435"]
[EventDate "2010.11.08"]

1. e4 e5 2. Nf3 Nf6 3. Nc3 Nc6 4. d4 exd4 5. Nxd4 Bb4 6. Nxc6 bxc6 7. Bd3 O-O 8.
O-O d5 9. exd5 cxd5 10. Bg5 Be6 11. Qf3 Be7 12. Rfe1 Rb8 13. b3 Bb4 14. Bd2 c5
15. Nb1 c4 16. Bxb4 Rxb4 17. Bf1 Qa5 18. Nd2 Rbb8 19. c3 Rfc8 20. Rec1 Qa3 21.
Qf4 Rb6 22. Nf3 Qc5 23. b4 Qc7 24. Qxc7 Rxc7 25. Nd4 Bd7 26. a4 Ne4 27. Ra2 Ra6
28. f3 Nd6 29. a5 Nb5 30. Nxb5 Bxb5 31. Rd1 Rd6 32. Rad2 Rcd7 33. Rd4 Kf8 34. g3
Rd8 35. Kf2 Ke7 36. f4 f5 37. Bg2 Bc6 38. Bh3 Rh6 39. Re1+ Kf7 40. Bxf5 Rxh2+
41. Kf3 g6 42. Bb1 Rb2 43. f5 Re8 44. fxg6+ hxg6 45. Bxg6+ Kxg6 1/2-1/2

[Event "ch-ISR"]
[Site "Haifa ISR"]
[Date "2010.11.08"]
[Round "1.12"]
[White "Mamut, Igor"]
[Black "Birnboim, Nathan"]
[Result "1-0"]
[BlackTitle "IM"]
[WhiteElo "2229"]
[BlackElo "2387"]
[WhiteFideId "2803020"]
[BlackFideId "2800209"]
[EventDate "2010.11.08"]

1. d4 e6 2. c4 f5 3. g3 Nf6 4. Bg2 Be7 5. Nc3 O-O 6. e3 d5 7. Nge2 c6 8. b3 dxc4
9. bxc4 e5 10. O-O Na6 11. Rb1 Kh8 12. Qa4 Nd7 13. c5 Qe8 14. Qc4 Qg6 15. Ba3 f4
16. exf4 exd4 17. Nxd4 Bxc5 18. Bxc5 Ndxc5 19. Rfe1 Bd7 20. Nf3 b5 21. Qd4 Rad8
22. Ne5 Qf6 23. Rbd1 Be6 24. Qe3 b4 25. Ne4 Nxe4 26. Bxe4 c5 27. Rxd8 Qxd8 28.
Bb7 Qb6 29. Bxa6 Qxa6 30. Qxc5 Rc8 31. Qxb4 Qxa2 32. Qe7 a5 33. Ng6+ hxg6 34.
Qxe6 Qxe6 35. Rxe6 Ra8 36. Rxg6 Kg8 37. Rc6 Kf7 38. Kf1 a4 39. Rc2 Ke6 40. Ke2
Kd5 41. Kd3 Ra7 42. Ra2 Kc5 43. Kc3 Kb5 44. Rb2+ Kc5 45. Re2 a3 46. Kb3 Kd4 47.
Ka2 Ra8 48. h4 Ra7 49. Re6 Kd3 50. h5 Kd4 51. f5 Kd5 52. g4 Ra4 53. f3 Kc4 54.
Re3 1-0

[Event "ch-ISR"]
[Site "Haifa ISR"]
[Date "2010.11.08"]
[Round "1.14"]
[White "Zanan, Evgeny"]
[Black "Shachar, Ehud"]
[Result "1/2-1/2"]
[WhiteTitle "FM"]
[BlackTitle "FM"]
[WhiteElo "2207"]
[BlackElo "2370"]
[WhiteFideId "24101940"]
[BlackFideId "2802198"]
[EventDate "2010.11.08"]

1. d4 e6 2. Nf3 f5 3. g3 Nf6 4. Bg2 d5 5. O-O c6 6. c4 Bd6 7. Nc3 O-O 8. Qc2 Qe7
9. Rb1 Nbd7 10. b3 Ne4 11. Ne1 Nxc3 12. Qxc3 Nf6 13. Nd3 Bd7 14. b4 Kh8 15. a4
a6 16. c5 Bc7 17. Qc2 Be8 18. Bd2 Rd8 19. f3 Bb8 20. Qc1 h6 21. Ne5 Nd7 22. f4
Nf6 23. Qc2 Bxe5 24. dxe5 Ne4 25. e3 Bh5 26. Bc3 Qd7 27. Bd4 Be8 28. Bf3 Qf7 29.
Qg2 Rg8 30. Bd1 g5 31. Rb2 Qg6 32. Be2 gxf4 33. exf4 Rg7 34. Ra1 h5 35. Qh3 Rc8
36. Qh4 Kh7 37. Kg2 Rgc7 38. Bf3 Rg7 39. Be2 Rgc7 40. Bf3 Rg7 1/2-1/2

[Event "ch-ISR"]
[Site "Haifa ISR"]
[Date "2010.11.08"]
[Round "1.15"]
[White "Kudischewitsch, David"]
[Black "Sorin, Michael"]
[Result "0-1"]
[WhiteTitle "IM"]
[WhiteElo "2366"]
[BlackElo "2204"]
[WhiteFideId "4111893"]
[BlackFideId "2805030"]
[EventDate "2010.11.08"]

1. e4 c5 2. d3 Nc6 3. g3 g6 4. Bg2 Bg7 5. f4 e6 6. Nf3 Nge7 7. O-O O-O 8. c3 d5
9. e5 Rb8 10. Kh1 b5 11. d4 b4 12. dxc5 bxc3 13. bxc3 Qa5 14. Be3 Ba6 15. Re1
Rb2 16. a4 Rfb8 17. g4 Qc7 18. Na3 d4 19. cxd4 Nb4 20. Nb5 Bxb5 21. axb5 Nc2 22.
Re2 Nxe3 23. Rxe3 Nd5 24. Rb3 Rxb5 25. Rxb5 Rxb5 26. Qc1 a5 27. f5 Qb8 28. f6
Bf8 29. h4 Rb2 30. Ne1 Qb3 31. c6 Nc7 32. Kh2 a4 33. Rxa4 Rxg2+ 34. Kxg2 Qxa4
35. Nf3 Qa2+ 36. Kg3 Qd5 37. h5 Qe4 38. h6 Qd3 39. Qa1 Qb5 40. Qc1 Qb6 41. g5
Nd5 42. Qc4 Qc7 43. Ne1 Nb4 44. Nc2 Nxc6 45. Kf4 Qb6 46. Qc3 Qb5 47. Kg3 Qd5 48.
Kf4 Qh1 49. Qd2 Bxh6 0-1

[Event "ch-ISR"]
[Site "Haifa ISR"]
[Date "2010.11.08"]
[Round "1.16"]
[White "Pasman, Michael"]
[Black "Reshef, Omer"]
[Result "1/2-1/2"]
[WhiteTitle "FM"]
[WhiteElo "2366"]
[BlackElo "2015"]
[WhiteFideId "2800500"]
[BlackFideId "2804336"]
[EventDate "2010.11.08"]

1. e4 c6 2. d4 d5 3. exd5 cxd5 4. Nf3 Nf6 5. Bd3 Nc6 6. O-O Bg4 7. c3 e6 8. Bf4
Be7 9. Nbd2 O-O 10. Qb3 Qc8 11. Rae1 Bh5 12. Ne5 Nxe5 13. Bxe5 Bg6 14. Qc2 Nd7
15. Bg3 Qd8 16. f4 Bxd3 17. Qxd3 g6 18. f5 exf5 19. Qb5 Nb6 20. a4 Bf6 21. Nb3
Bh4 22. Bxh4 Qxh4 23. a5 Nc4 24. Qxd5 Nxb2 25. Re2 Na4 26. Re3 Rac8 27. c4 Nb2
28. c5 Rcd8 29. Qf3 Nc4 30. Re2 Rxd4 31. Nxd4 Qxd4+ 32. Qf2 Qxf2+ 33. Rexf2 Nxa5
34. Ra2 Nb3 35. Rxa7 Nxc5 36. Rc1 b6 37. Rb1 Rb8 38. Ra5 Nd7 39. Ra7 Nc5 40. Ra5
Nd7 41. Ra7 Nf6 42. Ra6 Nd5 43. Rb5 Rd8 44. Ra1 Ne3 45. Rab1 Nc4 46. Rc1 Ne3 47.
Rcb1 Nc4 48. Rc1 Ne3 49. Rcb1 1/2-1/2

[Event "ch-ISR"]
[Site "Haifa ISR"]
[Date "2010.11.09"]
[Round "2.1"]
[White "Mikhalevski, Victor"]
[Black "Kantsler, Boris"]
[Result "1-0"]
[WhiteTitle "GM"]
[BlackTitle "GM"]
[WhiteElo "2602"]
[BlackElo "2440"]
[WhiteFideId "2801914"]
[BlackFideId "2805359"]
[EventDate "2010.11.08"]

1. d4 Nf6 2. c4 c5 3. d5 b5 4. cxb5 a6 5. bxa6 Bxa6 6. Nc3 d6 7. g3 g6 8. Bg2
Bg7 9. Nf3 O-O 10. O-O Nbd7 11. Rb1 Qa5 12. Bd2 Rfb8 13. b3 Qa3 14. Ne1 Ne5 15.
Nc2 Qa5 16. a4 Ne8 17. Nb5 Qb6 18. Nca3 Nc7 19. Nc4 Qb7 20. Na5 Qb6 21. Nc4 Qb7
22. Na5 Qb6 23. Na3 Re8 24. N3c4 Bxc4 25. bxc4 Qa6 26. Qb3 Qc8 27. f4 Ng4 28.
Nc6 e6 29. e4 exd5 30. cxd5 Qa6 31. Bf3 Nf6 32. Ba5 c4 33. Qb4 Nxe4 34. Bxe4
Rxe4 35. Bxc7 Rae8 36. Rbe1 h5 37. Bxd6 Rxe1 38. Rxe1 Rxe1+ 39. Qxe1 c3 40. Ba3
Qxa4 41. Bc1 c2 42. Qd2 Bf8 43. Qc3 Qb5 44. Qxc2 Qxd5 45. Be3 h4 46. Ne5 h3 47.
Qe2 Bg7 48. Nf3 Bf6 49. Kf2 Qe4 50. g4 Bc3 51. Kg3 Bb4 52. Qf2 1-0

[Event "ch-ISR"]
[Site "Haifa ISR"]
[Date "2010.11.09"]
[Round "2.2"]
[White "Axelrod, Arie"]
[Black "Golod, Vitali"]
[Result "0-1"]
[WhiteTitle "FM"]
[BlackTitle "GM"]
[WhiteElo "2386"]
[BlackElo "2582"]
[WhiteFideId "2804867"]
[BlackFideId "2804140"]
[EventDate "2010.11.08"]

1. c4 e5 2. e3 Nf6 3. d4 exd4 4. exd4 Bb4+ 5. Nc3 O-O 6. Bd3 d5 7. Ne2 dxc4 8.
Bxc4 Nc6 9. O-O Bd6 10. h3 Bf5 11. Bg5 h6 12. Bh4 Be7 13. Bg3 Bd6 14. Bh4 Be7
15. Bg3 Na5 16. Bd3 Bxd3 17. Qxd3 Nc6 18. Rfd1 Bd6 19. Bh4 Re8 20. Rac1 a6 21.
Qf3 Be7 22. Bg3 Bd6 23. Na4 Bxg3 24. Nxg3 Qd5 25. Qxd5 Nxd5 26. Nc5 b6 27. Nxa6
Rxa6 28. Rxc6 Rxa2 29. Rc2 g6 30. Ne2 Kg7 31. g3 Re7 32. Kg2 h5 33. Kf3 g5 34.
Rdd2 Ra1 35. Rc6 f5 36. g4 fxg4+ 37. hxg4 h4 38. Nc3 h3 39. Kg3 Rg1+ 0-1

[Event "ch-ISR"]
[Site "Haifa ISR"]
[Date "2010.11.09"]
[Round "2.3"]
[White "Nabaty, Tamir"]
[Black "Kataev, Simcho"]
[Result "1-0"]
[WhiteTitle "IM"]
[BlackTitle "FM"]
[WhiteElo "2529"]
[BlackElo "2281"]
[WhiteFideId "2809052"]
[BlackFideId "4106644"]
[EventDate "2010.11.08"]

1. e4 c6 2. d4 d5 3. f3 g6 4. Nc3 Bg7 5. Be3 a5 6. Qd2 h5 7. O-O-O Na6 8. Bxa6
Rxa6 9. Nge2 a4 10. a3 dxe4 11. fxe4 Nf6 12. h3 Qa5 13. Kb1 O-O 14. Bh6 b5 15.
Bxg7 Kxg7 16. Qg5 Qc7 17. g4 Rh8 18. e5 b4 19. axb4 Nd5 20. Qd2 Nxb4 21. Nf4 a3
22. b3 a2+ 23. Ka1 c5 24. Ne4 cxd4 25. Qxb4 Qxe5 26. Nc5 Qxf4 27. Rhf1 Qg5 28.
Qxd4+ e5 29. Qd5 Ra7 30. Ne4 Qe7 31. Nd6 Qe6 32. Qc5 Rd7 33. g5 Rhd8 34. Rf6
Qxh3 35. Rdf1 Rxd6 36. Rxf7+ Kg8 37. Qxe5 Qxf1+ 38. Rxf1 Rd1+ 39. Rxd1 Rxd1+ 40.
Kxa2 Bf5 41. Qf4 Kf7 42. b4 Re1 43. b5 Re4 44. Qd6 Re6 45. Qg3 Re2 46. b6 Rxc2+
47. Ka3 Rc6 48. b7 Ra6+ 49. Kb2 1-0

[Event "ch-ISR"]
[Site "Haifa ISR"]
[Date "2010.11.09"]
[Round "2.4"]
[White "Sorin, Michael"]
[Black "Zilberman, Yaacov"]
[Result "1-0"]
[BlackTitle "GM"]
[WhiteElo "2204"]
[BlackElo "2481"]
[WhiteFideId "2805030"]
[BlackFideId "2801612"]
[EventDate "2010.11.08"]

1. Nf3 d5 2. d4 Nf6 3. c4 dxc4 4. Qa4+ Nc6 5. Qxc4 Be6 6. Qa4 a6 7. e3 Bd5 8.
Be2 b5 9. Qd1 e6 10. O-O Be7 11. Nc3 O-O 12. a4 bxa4 13. Nxd5 Nxd5 14. Qxa4 Ncb4
15. Bd2 a5 16. Rfc1 Bd6 17. e4 Nb6 18. Qb5 c6 19. Qh5 Nd7 20. Ng5 h6 21. e5 Be7
22. Ne4 f5 23. Ng3 Rf7 24. Bxb4 axb4 25. Rxa8 Qxa8 26. Bc4 Nf8 27. Nxf5 Bg5 28.
Ne3 Rf4 29. Rd1 Qa7 30. Qe8 Kh7 31. g3 Rxd4 32. Qxf8 Bxe3 33. Bd3+ Rxd3 34. Rxd3
Bc5 35. Qf3 Qa1+ 36. Kg2 Qxb2 37. Qe4+ Kg8 38. Rd8+ Kf7 39. Qf4+ Kg6 40. Qg4+
Kh7 41. Qe4+ g6 42. Rd7+ Kh8 43. Qh4 1-0

[Event "ch-ISR"]
[Site "Haifa ISR"]
[Date "2010.11.09"]
[Round "2.5"]
[White "Gruenfeld, Yehuda"]
[Black "Mamut, Igor"]
[Result "1-0"]
[WhiteTitle "GM"]
[WhiteElo "2469"]
[BlackElo "2229"]
[WhiteFideId "2800020"]
[BlackFideId "2803020"]
[EventDate "2010.11.08"]

1. e4 e5 2. Nf3 Nc6 3. Bb5 a6 4. Ba4 Nf6 5. O-O Be7 6. Re1 b5 7. Bb3 d6 8. c3
O-O 9. h3 Nd7 10. d4 Bf6 11. a4 Rb8 12. axb5 axb5 13. Be3 b4 14. d5 Ne7 15. c4
Nc5 16. Bc2 Ng6 17. Nbd2 Nh4 18. Bxc5 dxc5 19. Nb3 Nxf3+ 20. Qxf3 Be7 21. Qe3
Qd6 22. Ra5 Qg6 23. Nxc5 b3 24. Bxb3 Qb6 25. Rb5 Qa7 26. Nd3 Qxe3 27. Rxe3 Rxb5
28. cxb5 Bd6 29. Re2 Bd7 30. Bc4 Ra8 31. Kf1 g6 32. f3 Kg7 33. Re1 Ra4 34. Rc1
f5 35. Ke2 Kf6 36. Kd2 h5 37. Kc3 Ra8 38. b4 f4 39. Rh1 Kg5 40. h4+ Kf6 41. Nc5
Bc8 42. Kb3 g5 43. hxg5+ Kxg5 44. b6 cxb6 45. Na4 Rb8 46. Bb5 h4 47. Rc1 h3 48.
gxh3 Bxh3 49. Rh1 Bc8 50. Nb2 Bb7 51. Nc4 Rd8 52. Rh7 Bc8 53. Nxd6 Rxd6 54. Rh8
Bd7 55. Rd8 Bxb5 56. Rxd6 Be2 57. Re6 Bxf3 58. Rxe5+ 1-0

[Event "ch-ISR"]
[Site "Haifa ISR"]
[Date "2010.11.09"]
[Round "2.6"]
[White "Aharon, Ofir"]
[Black "Postny, Evgeny"]
[Result "0-1"]
[BlackTitle "GM"]
[WhiteElo "2264"]
[BlackElo "2604"]
[WhiteFideId "2800683"]
[BlackFideId "2804344"]
[EventDate "2010.11.08"]

1. e4 e5 2. Nf3 Nc6 3. Bc4 Bc5 4. O-O Nf6 5. d4 Bxd4 6. Nxd4 Nxd4 7. f4 d6 8.
fxe5 dxe5 9. Bg5 Be6 10. Na3 Qe7 11. c3 Nc6 12. Kh1 Rg8 13. Qf3 O-O-O 14. Bd5
Nb8 15. Nc4 Nbd7 16. Rad1 h6 17. Bxf6 Nxf6 18. Bxb7+ Kxb7 19. Na5+ Kb6 20. b4 c5
21. Rb1 Kc7 22. Qe2 c4 23. Qe3 Ra8 24. b5 Nd7 25. Rfd1 Kc8 26. Rb4 Qc5 27. Qd2
Nf6 28. Qe2 Kc7 29. Rd5 Bxd5 30. exd5 Kd7 31. Nxc4 Rge8 32. b6 axb6 33. Nxb6+
Ke7 34. Nxa8 Qxc3 35. Rb1 Rxa8 36. Qb5 Rc8 37. h3 Qc5 0-1

[Event "ch-ISR"]
[Site "Haifa ISR"]
[Date "2010.11.09"]
[Round "2.7"]
[White "Sheskin, Matan"]
[Black "Tseitlin, Mark D"]
[Result "0-1"]
[BlackTitle "GM"]
[WhiteElo "2252"]
[BlackElo "2415"]
[WhiteFideId "2809435"]
[BlackFideId "2800128"]
[EventDate "2010.11.08"]

1. e4 c5 2. Nf3 d6 3. d4 cxd4 4. Nxd4 Nf6 5. Nc3 a6 6. Be2 e5 7. Nb3 Be7 8. O-O
Be6 9. Qd3 O-O 10. Nd5 Nxd5 11. exd5 Bc8 12. f4 Nd7 13. c4 Bf6 14. Be3 b6 15.
Qc2 exf4 16. Bxf4 Be5 17. Rad1 Bxf4 18. Rxf4 Ne5 19. Nd4 Bd7 20. Bd3 g6 21. b3
Qe7 22. Rf2 a5 23. Be4 Rac8 24. a4 Rfe8 25. Bf3 Qh4 26. Qd2 Re7 27. g3 Qh3 28.
Rdf1 Kg7 29. Nc6 Bxc6 30. dxc6 Nxf3+ 31. Rxf3 Rxc6 32. Qd5 Rcc7 33. Qd4+ Kg8 34.
Qxb6 Qh5 35. Qb5 Qc5+ 36. Qxc5 dxc5 37. Rd1 Kg7 38. Rd8 f5 39. Rfd3 Kf6 40. Kf2
Kg5 41. Kf3 h6 42. Kf2 Kh5 43. h3 Kg5 44. R3d6 Rf7 45. Kg2 Kh5 46. Ra8 Rb7 47.
Raa6 Rg7 48. Rxa5 Rxb3 49. Rxc5 Re7 50. Rd2 Ree3 51. g4+ Kh4 52. gxf5 Rg3+ 53.
Kf2 Kxh3 54. Rcd5 g5 55. Ke2 h5 56. R5d3 Rb6 57. Rxg3+ Kxg3 58. c5 Rf6 59. Rc2
Rxf5 60. c6 Re5+ 61. Kf1 Re8 62. c7 Rc8 63. a5 h4 64. a6 h3 65. a7 Rf8+ 66. Rf2 0-1

[Event "ch-ISR"]
[Site "Haifa ISR"]
[Date "2010.11.09"]
[Round "2.8"]
[White "Berkovich, Mark A"]
[Black "Shevelev, Arkady"]
[Result "1/2-1/2"]
[WhiteTitle "IM"]
[BlackTitle "IM"]
[WhiteElo "2392"]
[BlackElo "2315"]
[WhiteFideId "2801639"]
[BlackFideId "2802163"]
[EventDate "2010.11.08"]

1. d4 Nf6 2. Nf3 c5 3. d5 b5 4. Bg5 d6 5. e4 a6 6. Nbd2 g6 7. c3 Bg7 8. a4 bxa4
9. Qxa4+ Nbd7 10. Be2 O-O 11. O-O a5 12. Qc2 Nb6 13. h3 Qc7 14. Rfe1 e6 15. dxe6
fxe6 16. e5 dxe5 17. Nc4 Nxc4 18. Bxc4 Nd5 19. Qe2 h6 20. Bd2 Qf7 21. Kh1 Nb6
22. Bd3 Bb7 23. Be4 Ba6 24. Bd3 Bb7 25. Be4 Ba6 26. Bd3 Bb7 1/2-1/2

[Event "ch-ISR"]
[Site "Haifa ISR"]
[Date "2010.11.09"]
[Round "2.12"]
[White "Zaslavsky, Mikhail"]
[Black "Reshef, Omer"]
[Result "1-0"]
[WhiteTitle "IM"]
[WhiteElo "2424"]
[BlackElo "2015"]
[WhiteFideId "2807670"]
[BlackFideId "2804336"]
[EventDate "2010.11.08"]

1. Nf3 d5 2. b3 Bg4 3. Ne5 Bh5 4. g4 Bg6 5. Bg2 c6 6. h4 f6 7. Nxg6 hxg6 8. d4
Nh6 9. Qd3 Kf7 10. g5 Ng8 11. Bf3 Qe8 12. h5 Ke6 13. c4 dxc4 14. d5+ Kd6 15.
Bf4+ e5 16. dxe6+ Kxe6 17. Qxc4+ Kd7 18. Nc3 Kc8 19. Bd5 Ne7 20. Be6+ Nd7 21.
Nb5 Nf5 22. Nc7 Qe7 23. O-O-O Qa3+ 24. Kb1 Bd6 25. Bxf5 gxf5 26. Bxd6 1-0

[Event "ch-ISR"]
[Site "Haifa ISR"]
[Date "2010.11.09"]
[Round "2.13"]
[White "Birnboim, Nathan"]
[Black "Galburd, Yan"]
[Result "1-0"]
[WhiteTitle "IM"]
[WhiteElo "2387"]
[BlackElo "2322"]
[WhiteFideId "2800209"]
[BlackFideId "2808528"]
[EventDate "2010.11.08"]

1. e4 e6 2. d3 d5 3. Nd2 Nf6 4. Ngf3 b6 5. c3 c5 6. Be2 Qc7 7. O-O Bd6 8. Re1
O-O 9. Bf1 Nc6 10. g3 Bb7 11. Qe2 Nd7 12. Nh4 d4 13. c4 Be7 14. Ng2 a6 15. f4 e5
16. Nf3 b5 17. b3 exf4 18. Nxf4 Nce5 19. Nxe5 Nxe5 20. Bh3 Qa5 21. Rf1 Bg5 22.
Bd2 Qd8 23. a4 b4 24. Bf5 g6 25. Bh3 Qe7 26. Bg2 Rae8 27. h4 Bf6 28. Nd5 Bxd5
29. cxd5 Bg7 30. Bh3 Qd6 31. Rac1 h5 32. Bf4 Re7 33. a5 Kh7 34. Rc2 Bh6 35. Rfc1
Rc7 36. Bg2 Re8 37. Qd2 Bf8 38. Qd1 Qd7 39. Bf3 Bd6 40. Rf2 Kg8 41. Be2 Rb7 42.
Kg2 Rb5 43. Ra1 Qc7 44. Bg5 Rxa5 45. Rxa5 Qxa5 46. Bxh5 Qb5 47. Be2 Be7 48. Bf4
Bd8 49. h5 g5 50. Bc1 a5 51. Rf5 f6 52. Qf1 a4 53. Rxf6 Bxf6 54. Qxf6 Qd7 55.
bxa4 Qe7 56. Qh6 Qg7 57. Qb6 Nd7 58. Qc6 Rf8 59. h6 Qe7 60. Qg6+ Kh8 61. Bxg5
Qf7 62. Qxf7 Rxf7 63. Bc1 Ne5 64. Bf4 Ng6 65. Bd1 c4 66. dxc4 d3 67. Bd2 b3 68.
Bxb3 Rb7 69. Bc3+ Kh7 70. Bd1 Rb1 71. d6 Nf8 72. Bg4 d2 73. Bf5+ Kg8 74. Bxd2
Rb2 75. e5 Rxd2+ 76. Kf3 Kf7 77. h7 Nxh7 78. Ke3 Rd1 79. Bxh7 Ke6 80. Bd3 Rg1
81. Kd4 Rxg3 82. c5 Rg4+ 83. Be4 Rg7 84. c6 Ra7 85. Bd5+ Kf5 86. c7 Rxa4+ 87.
Bc4 1-0

[Event "ch-ISR"]
[Site "Haifa ISR"]
[Date "2010.11.09"]
[Round "2.15"]
[White "Rinberg, Alexander"]
[Black "Prozhanski, Genrik"]
[Result "1-0"]
[WhiteTitle "FM"]
[WhiteElo "2302"]
[BlackElo "2342"]
[WhiteFideId "14102510"]
[BlackFideId "2802767"]
[EventDate "2010.11.08"]

1. e4 c5 2. Nf3 Nc6 3. d4 cxd4 4. Nxd4 Nf6 5. Nc3 d6 6. Bc4 Qb6 7. Nb3 e6 8. O-O
Be7 9. Be3 Qc7 10. Bd3 O-O 11. f4 a6 12. a4 b6 13. g4 Nb4 14. g5 Nd7 15. Qh5 Re8
16. Rf3 Bb7 17. Rh3 Nf8 18. Rf1 Nxd3 19. cxd3 f5 20. Rc1 g6 21. Qh6 Bd8 22. Nd5
Qf7 23. Nf6+ Bxf6 24. gxf6 Qxf6 25. e5 dxe5 26. fxe5 Qd8 27. Kf2 Rc8 28. Bg5 Qd7
29. Bf6 Rxc1 30. Nxc1 Rc8 31. Ne2 Rc7 32. d4 Qxa4 33. Rc3 Qd7 34. h4 Rxc3 35.
bxc3 Qf7 36. c4 Nd7 37. Bd8 Qe8 38. Qg5 Kg7 39. Bf6+ Kf7 40. Nf4 Qg8 41. Bd8 Qe8
42. h5 Nf8 43. h6 Qd7 44. d5 Ke8 45. Bxb6 exd5 46. e6 Nxe6 47. Qf6 Nf8 48. Bc5
Qf7 49. Qe5+ Kd7 50. Qd6+ Kc8 51. Ba7 dxc4 52. Qb8+ Kd7 53. Qxb7+ Ke8 54. Qc8+
Ke7 55. Bc5+ Kf6 56. Qd8+ 1-0